Statistics for Country Shapes in the Map of Europe #3

Click here to take the quiz!

General Stats

  • This quiz has been taken 2,717 times
  • The average score is 10 of 10

Answers on the Map

Answers color-coded by a green-red scale on the quiz's map according to % correct below.
Loading ...
 

Answer Stats

Country % Correct
France
100%
United Kingdom
100%
Finland
99%
Greece
99%
Portugal
99%
Netherlands
98%
Belarus
95%
Slovenia
95%
Slovakia
94%
Montenegro
89%

Score Distribution

Percentile by Number Answered

Percent of People with Each Score

Your Score History

You have not taken this quiz